Lanean...

Organisational Behaviour

Xehetasun bibliografikoak
Egile nagusia: Gupta,Shashi K
Formatua: Printed Book
Argitaratua: New Delhi Kalyani 2007
Gaiak:
LEADER 00464nam a22001457a 4500
020 |a 9878127238988 
082 |a 658  |b GUP/O 
100 |a Gupta,Shashi K 
245 |a Organisational Behaviour 
260 |a New Delhi  |b Kalyani   |c 2007 
300 |a 35.7,35p 
650 |a Management 
942 |c BK 
999 |c 40247  |d 40247 
952 |0 0  |1 0  |4 0  |6 658_000000000000000_GUPO  |7 0  |8 Stack  |9 43062  |a KUCL  |b KUCL  |c Stack  |d 2016-06-29  |g 350.00  |l 1  |o 658 GUP/O  |p 41449  |r 2017-12-16  |s 2017-11-18  |w 2016-06-29  |y BK